[Event "Budapest Duna op"]
[Site "Budapest"]
[Date "2015.09.26"]
[Round "4"]
[White "Torok, Tamas Titusz"]
[Black "Marta, Dominik"]
[Result "1/2-1/2"]
[WhiteElo "2139"]
[BlackElo "2009"]
[PlyCount "101"]
[EventDate "2015.09.23"]
[EventType "swiss"]
[EventRounds "9"]
[EventCountry "HUN"]
[SourceTitle "CBM 168 Extra"]
[Source "ChessBase"]
[SourceDate "2015.10.29"]
[SourceVersion "1"]
[SourceVersionDate "2015.10.29"]
[SourceQuality "1"]

1. e4 e6 2. c4 d5 3. cxd5 exd5 4. exd5 Nf6 5. Nc3 Nxd5 6. Nf3 Nc6 7. d4 Bb4 8. Bd2 0-0 9. Be2 Bg4 10. 0-0 Re8 11. h3 Rxe2 12. hxg4 Re8 13. Qb3 Bxc3 14. bxc3 Na5 15. Qa4 Nc6 16. Qb5 a6 17. Qxb7 Qd7 18. Qb3 Na5 19. Qc2 Nc4 20. Qd3 Nxd2 21. Qxd2 Qxg4 22. Ne5 Qf4 23. Qd3 f6 24. Nc6 Qg5 25. Qc4 Kh8 26. Ne5 fxe5 27. Qxd5 Rad8 28. Qc5 Re6 29. Rfe1 Rg6 30. g3 exd4 31. Qxd4 h5 32. Qe5 h4 33. Qxg5 Rxg5 34. Re3 hxg3 35. fxg3 Rd2 36. a4 Rg4 37. a5 Rg5 38. Ra4 Rdd5 39. Rc4 Rc5 40. Rxc5 Rxc5 41. Re6 Rxc3 42. Rxa6 Rxg3+ 43. Kf2 Rc3 44. Ra8+ Kh7 45. Rc8 Ra3 46. Rxc7 Rxa5 47. Kg3 Kh6 48. Rc8 Kg5 49. Rc3 Kh5 50. Rb3 g5 51. Rc3 1/2-1/2

[Event "Budapest Duna op"]
[Site "Budapest"]
[Date "2015.09.23"]
[Round "1"]
[White "Marta, Dominik"]
[Black "Havanecz, Bianka"]
[Result "0-1"]
[WhiteElo "2009"]
[BlackElo "2252"]
[PlyCount "112"]
[EventDate "2015.09.23"]
[EventType "swiss"]
[EventRounds "9"]
[EventCountry "HUN"]
[SourceTitle "CBM 168 Extra"]
[Source "ChessBase"]
[SourceDate "2015.10.29"]
[SourceVersion "1"]
[SourceVersionDate "2015.10.29"]
[SourceQuality "1"]

1. Nf3 d5 2. g3 Nf6 3. Bg2 e6 4. 0-0 Be7 5. d4 0-0 6. c4 c6 7. Nc3 Nbd7 8. b3 b6 9. Nd2 Bb7 10. e4 dxe4 11. Ndxe4 e5 12. Nxf6+ Bxf6 13. d5 e4 14. Bb2 cxd5 15. cxd5 Nc5 16. Qd2 Re8 17. Rfe1 Nd3 18. Rxe4 Nxb2 19. Qxb2 Rxe4 20. Bxe4 Rc8 21. Rc1 Qe8 22. Re1 Qf8 23. Re3 Rxc3 24. Rxc3 Qb4 25. Bxh7+ Kh8 26. Qe2 Qxc3 27. Qh5 Qc1+ 28. Kg2 Qg5 29. Qh3 Bxd5+ 30. Be4+ Kg8 31. Qh7+ Kf8 32. f4 Bxe4+ 33. Qxe4 Qa5 34. Qa8+ Ke7 35. Qb7+ Kd6 36. Qb8+ Kc5 37. Qc7+ Kb4 38. Qc4+ Ka3 39. Qxf7 Qd2+ 40. Kh3 a5 41. Qe6 b5 42. Qc6 Qd3 43. Qe6 b4 44. Qb6 Kxa2 45. Qxa5+ Kxb3 46. Kg4 Qe2+ 47. Kh3 Qc4 48. Qf5 Ka2 49. g4 Qc3+ 50. Kg2 b3 51. Qe6 Qd2+ 52. Kg3 Qd3+ 53. Kg2 Ka1 54. Qe1+ Qb1 55. Qe8 b2 56. Qc6 Qa2 0-1

[Event "Elekes Memorial op"]
[Site "Budapest"]
[Date "2015.07.26"]
[Round "9"]
[White "Marta, Dominik"]
[Black "Koczo, Kristof"]
[Result "1/2-1/2"]
[WhiteElo "2097"]
[BlackElo "2215"]
[PlyCount "105"]
[EventDate "2015.07.18"]
[EventType "swiss"]
[EventRounds "9"]
[EventCountry "HUN"]
[SourceTitle "EXT 2016"]
[Source "ChessBase"]
[SourceDate "2015.10.08"]
[SourceVersion "1"]
[SourceVersionDate "2015.10.08"]
[SourceQuality "1"]

1. Nf3 d5 2. g3 g6 3. Bg2 Bg7 4. 0-0 e5 5. d3 Ne7 6. Nbd2 0-0 7. e4 Re8 8. exd5 Nxd5 9. Re1 Nc6 10. h3 f5 11. Nc4 Nb6 12. Nxb6 axb6 13. c3 Be6 14. d4 e4 15. Ng5 Bd5 16. h4 h6 17. Nh3 Rxa2 18. Rxa2 Bxa2 19. f3 exf3 20. Bxf3 Bf7 21. Bf4 Rxe1+ 22. Qxe1 Kh7 23. Kh2 Bf8 24. Qe3 Na5 25. h5 g5 26. Bxg5 hxg5 27. Nxg5+ Kg8 28. h6 Bxh6 29. Nxf7 Bxe3 30. Nxd8 Kh7 31. Bd5 c6 32. Be6 Kg6 33. b4 Bg5 34. Nf7 Bd2 35. bxa5 bxa5 36. Ne5+ Kf6 37. Bc8 Bxc3 38. Bxb7 Bxd4 39. Nxc6 Bc3 40. Na7 a4 41. Nb5 Bb2 42. Bd5 Ke5 43. Ba2 a3 44. Kg2 Bc1 45. Kf3 Bb2 46. Ke2 Bc1 47. Bb1 Bb2 48. Kd3 f4 49. g4 f3 50. Ke3 f2 51. Kxf2 Kf4 52. g5 Kxg5 53. Nxa3 1/2-1/2

[Event "Elekes Memorial op"]
[Site "Budapest"]
[Date "2015.07.25"]
[Round "8"]
[White "Toth, Lili"]
[Black "Marta, Dominik"]
[Result "1-0"]
[WhiteElo "2144"]
[BlackElo "2097"]
[PlyCount "119"]
[EventDate "2015.07.18"]
[EventType "swiss"]
[EventRounds "9"]
[EventCountry "HUN"]
[SourceTitle "EXT 2016"]
[Source "ChessBase"]
[SourceDate "2015.10.08"]
[SourceVersion "1"]
[SourceVersionDate "2015.10.08"]
[SourceQuality "1"]

1. d4 Nf6 2. Nc3 g6 3. e4 d6 4. f3 Nbd7 5. Be3 e5 6. Nge2 Bg7 7. Qd2 Nb6 8. b3 0-0 9. g4 a5 10. a4 Qe7 11. d5 Ne8 12. h4 f5 13. gxf5 gxf5 14. Bh6 fxe4 15. Bxg7 e3 16. Qxe3 Nxg7 17. 0-0-0 Qf6 18. h5 Qxf3 19. Qxf3 Rxf3 20. h6 Nf5 21. Bg2 Rf2 22. Be4 Bd7 23. Rdg1+ Kh8 24. Kd2 Rf8 25. Nd1 Rxe2+ 26. Kxe2 Nd4+ 27. Kd3 Bf5 28. Bxf5 Nxf5 29. c4 Nd7 30. Ne3 Nc5+ 31. Ke2 Nd4+ 32. Kd1 Ne4 33. Rf1 Nf2+ 34. Ke1 Nd3+ 35. Kd2 Nf4 36. Ng2 Nxb3+ 37. Kc3 Nc5 38. Nxf4 exf4 39. Rh4 f3 40. Kd4 Nd7 41. Ke4 Ne5 42. Rf4 Rg8 43. Kd4 b6 44. Rh1 Rg6 45. Rf8+ Rg8 46. Rxg8+ Kxg8 47. Rg1+ Kf7 48. Ke3 Kf6 49. Rg7 Nxc4+ 50. Kxf3 Nb2 51. Rxh7 Kg6 52. Rxc7 Kxh6 53. Rc6 Nxa4 54. Rxd6+ Kg7 55. Re6 Kf7 56. Kf4 Nc3 57. Ke5 Na4 58. d6 Nc5 59. Re7+ Kf8 60. Kf6 1-0

[Event "Budapest Art Pub Cup 8th"]
[Site "Budapest"]
[Date "2015.07.12"]
[Round "6"]
[White "Marta, Dominik"]
[Black "Yip, Michael"]
[Result "1/2-1/2"]
[WhiteElo "2097"]
[BlackElo "1919"]
[PlyCount "117"]
[EventDate "2015.07.09"]
[EventType "swiss"]
[EventRounds "7"]
[EventCountry "HUN"]
[SourceTitle "CBM 167 Extra"]
[Source "ChessBase"]
[SourceDate "2015.09.14"]
[SourceVersion "1"]
[SourceVersionDate "2015.09.14"]
[SourceQuality "1"]

1. Nf3 Nf6 2. g3 d5 3. Bg2 c6 4. 0-0 Bg4 5. d4 e6 6. c4 Nbd7 7. b3 Be7 8. Nc3 0-0 9. Bb2 h6 10. Re1 a5 11. e4 dxe4 12. Nxe4 Nxe4 13. Rxe4 Nf6 14. Re1 a4 15. Qd2 axb3 16. axb3 Qb6 17. Qe3 Bb4 18. Red1 Rfd8 19. Rxa8 Rxa8 20. Qe5 Bf8 21. Qe3 Ra2 22. Rd2 Bf5 23. Ne5 Bb4 24. Re2 Qa5 25. Nd3 Ng4 26. Qf3 Ra1+ 27. Bxa1 Qxa1+ 28. Bf1 Nf6 29. Qe3 Bc3 30. Nf4 Bxd4 31. Re1 Qa7 32. Qf3 Ng4 33. Re2 Ne5 34. Rxe5 Bxe5 35. Bd3 Bxd3 36. Nxd3 Qd4 37. Nxe5 Qxe5 38. Qd3 Qc7 39. Qd4 c5 40. Qe4 b6 41. Qa8+ Kh7 42. Qe8 h5 43. h4 Kg6 44. Qa8 Kh7 45. Qe8 g6 46. Qf8 e5 47. Kg2 Qb7+ 48. Kg1 Qd7 49. Kh2 Qe6 50. Kg2 e4 51. Kh2 Qf6 52. Kg1 Qf3 53. Qe7 Qf5 54. Qf8 Qe6 55. Kh2 Qf6 56. Kg1 Qg7 57. Qd6 Qa1+ 58. Kg2 Qa7 59. Qc6 1/2-1/2

[Event "Budapest FS05 FM-A"]
[Site "Budapest"]
[Date "2015.05.10"]
[Round "8"]
[White "Tugstumur, Yesuntumur"]
[Black "Marta, Dominik"]
[Result "1-0"]
[WhiteElo "1804"]
[BlackElo "2109"]
[PlyCount "117"]
[EventDate "2015.05.02"]
[EventType "tourn"]
[EventRounds "9"]
[EventCountry "HUN"]
[SourceTitle "CBM 166 Extra"]
[Source "ChessBase"]
[SourceDate "2015.06.18"]
[SourceVersion "1"]
[SourceVersionDate "2015.06.18"]
[SourceQuality "1"]

1. d4 Nf6 2. Nf3 g6 3. c4 Bg7 4. Nc3 0-0 5. g3 d6 6. Bg2 Nc6 7. 0-0 a6 8. Qd3 Qe8 9. d5 Nb8 10. h3 Nfd7 11. Be3 e5 12. Qd2 e4 13. Nd4 Ne5 14. b3 f5 15. f3 Nf7 16. fxe4 Qe5 17. Rac1 Qxg3 18. exf5 Bxd4 19. Bxd4 Bxf5 20. Qf4 Qxf4 21. Rxf4 c5 22. Bf2 Ne5 23. Bg3 g5 24. Rf2 Nbd7 25. Rcf1 Bg6 26. Be4 Bh5 27. Bf5 Nf6 28. Be6+ Kg7 29. Rf5 Bg6 30. Rxg5 h6 31. Bxe5 hxg5 32. Bxd6 Ne4 33. Bxf8+ Rxf8 34. Nxe4 Bxe4 35. Rxf8 Kxf8 36. Bc8 b5 37. Bxa6 b4 38. Bb5 Ke7 39. Kf2 Bb1 40. Kf3 Bf5 41. Kg3 Kd6 42. h4 gxh4+ 43. Kxh4 Bb1 44. Kg5 Ke5 45. Ba4 Bxa2 46. Kg6 Bb1+ 47. Kf7 Kd6 48. Kf6 Bc2 49. Bb5 Be4 50. Be8 Bc2 51. Bg6 Bxb3 52. Bd3 Bd1 53. e4 b3 54. e5+ Kd7 55. e6+ Kd6 56. Kf7 Bc2 57. e7 Bxd3 58. e8Q b2 59. Qb8+ 1-0

[Event "HUN-chT2 Breyer 1415"]
[Site "Hungary"]
[Date "2015.03.01"]
[Round "?"]
[White "Balogh, Szabolcs"]
[Black "Marta, Dominik"]
[Result "0-1"]
[WhiteElo "1723"]
[BlackElo "1940"]
[PlyCount "52"]
[EventDate "2014.09.07"]
[EventType "team-tourn"]
[EventRounds "11"]
[EventCountry "HUN"]
[SourceTitle "EXT 2016"]
[Source "ChessBase"]
[SourceDate "2015.10.08"]
[SourceVersion "1"]
[SourceVersionDate "2015.10.08"]
[SourceQuality "1"]
[WhiteTeam "Gyor UDSE"]
[BlackTeam "Hobagoly"]
[WhiteTeamCountry "HUN"]
[BlackTeamCountry "HUN"]

1. e4 Nf6 2. e5 Nd5 3. d4 d6 4. exd6 exd6 5. c4 Nb6 6. Bd3 Nc6 7. Be3 Be7 8. h3 Bf6 9. Nf3 0-0 10. Nc3 d5 11. cxd5 Nxd5 12. Nxd5 Qxd5 13. 0-0 Rd8 14. Re1 Be6 15. Qe2 Bxd4 16. Nxd4 Nxd4 17. Bxd4 Qxd4 18. Rad1 Qh4 19. Qf3 c6 20. Re4 Qh6 21. Qg3 Qh5 22. Rde1 Qa5 23. b4 Qxa2 24. Rh4 h6 25. Kh2 Qb2 26. Re5 Rxd3 0-1

[Event "Budapest FS02 FM-A"]
[Site "Budapest"]
[Date "2015.02.15"]
[Round "8"]
[White "Marta, Dominik"]
[Black "Czegledi, Barna Jr"]
[Result "1-0"]
[WhiteElo "1974"]
[BlackElo "2099"]
[PlyCount "99"]
[EventDate "2015.02.07"]
[EventType "tourn"]
[EventRounds "10"]
[EventCountry "HUN"]
[SourceTitle "CBM 164 Extra"]
[Source "ChessBase"]
[SourceDate "2015.03.02"]
[SourceVersion "1"]
[SourceVersionDate "2015.03.02"]
[SourceQuality "1"]

1. d4 Nf6 2. Nf3 e6 3. g3 b5 4. Bg2 Bb7 5. 0-0 c5 6. c3 Qb6 7. Re1 d5 8. Ne5 Nc6 9. dxc5 Bxc5 10. Nd3 Bd6 11. Bg5 Ne4 12. Bxe4 dxe4 13. Be3 Qc7 14. Nc5 Rd8 15. Qb3 a6 16. Nxb7 Qxb7 17. Nd2 Na5 18. Qc2 f5 19. b4 Nc4 20. Nxc4 bxc4 21. Qa4+ Kf7 22. Rab1 f4 23. gxf4 g5 24. fxg5 h6 25. g6+ Kxg6 26. b5 Qd5 27. Kg2 Qh5 28. Rg1 Bxh2 29. Rh1 Qg4+ 30. Kf1 Qh3+ 31. Ke1 Qg2 32. Rf1 Rhg8 33. Bd4 e5 34. bxa6 Kh5 35. e3 exd4 36. Qa5+ Kg4 37. cxd4 Rgf8 38. Qb6 Rd6 39. Qb7 Rff6 40. a7 Bg3 41. Qg7+ Rg6 42. Qxg6+ Rxg6 43. a8Q Bxf2+ 44. Rxf2 Qg1+ 45. Ke2 Qxb1 46. Qc8+ Kh4 47. Rh2+ Kg5 48. Qc5+ Kf6 49. Rf2+ Kg7 50. Qf8+ 1-0